000 00406nam a2200145Ia 4500
008 210210b1992 xxu||||| |||| 00| 0 eng d
020 _a19 563001 7
082 _a954 SUBA
100 _aGUHA (Ranajit).
245 _aSubaltern studies VI writings on south asian history and society.
260 _aDelhi.
_bOxford University Press.,
_c1992
300 _ax,335
690 _aIndian History
906 _a046247
999 _c95806
_d95806